Never Type “A” - Geography - Statistics

General Stats
  • This quiz has been taken 204 times
  • The average score is 7 of 15
Answer Stats
Hint Answer % Correct
Most populous British city. London
74%
Most populous city in Europe. Moscow
68%
Most traded currency. Euro
67%
Most populous Indian city. Delhi
66%
Most populous US state. New York
66%
Southernmost country. Chile
65%
Largest desert. Gobi
61%
Northernmost country. Sweden
60%
Most populous South American country. Peru
59%
Most populous country in Oceania. Fiji
58%
Most populous city. Tokyo
58%
Smallest European country by area. Liechtenstein
57%
Most populous French city. Lyon
57%
Most populous African country. Egypt
56%
Continent with the weirdest elbows. Europe
56%
Largest former Yugoslavian republic. Montenegro
55%
Most populous European country. United Kingdom
54%
Wealthiest country on Arabian Peninsula. Yemen
51%
Biggest Canadian province. Quebec
49%
Most recent British monarch (by royal name). King {George VI}
45%
First country alphabetically. Belgium
41%
Most common world religion. Hinduism
38%
First US state alphabetically. Connecticut
35%
Most populous island. Honshū
32%
Most populous island country. Philippines
30%
The largest island. Borneo
29%
Largest US state by land area. New Mexico
29%
Most populous country. Mexico
24%
Most Islamic country by %. Morocco
17%
Most populous South American city. Belo Horizonte
11%
No matching quizzes found
Score Distribution
Percent of People with Each Score
Percentile by Number Answered
Your Score History
You have not taken this quiz